| 000 | 00374 a2200145 4500 | ||
|---|---|---|---|
| 001 | 92112 | ||
| 082 | _a355.009 FIT | ||
| 090 |
_c44076 _d44075 |
||
| 100 | _aMark Fitzpatrick | ||
| 245 | _aOvercoming Pakistan's Nuclear Dangers | ||
| 250 | _a1 | ||
| 260 |
_aUK _bThe International Institute of Strategic Studies _c2014 |
||
| 300 |
_a171p. _bPb |
||
| 500 | _aGeneral Book | ||
| 942 |
_aCAE NUST _k355.009 FIT |
||
| 999 |
_c327185 _d327185 |
||